000 00659nam a2200181Ia 4500
008 090630s9999 xx 000 0 und d
082 _b12188
100 _aडॉ. अंबिके व डॉ. रानडे.
245 _aआम्लपित्त.
_cडॉ. अंबिके व डॉ. रानडे.
260 _bअनमोल पुणे.
_c1993
300 _a63
600 _aडॉ. अंबिके व डॉ. रानडे.
630 _aआम्लपित्त.
655 _aइतर.
700 _aडॉ. अंबिके व डॉ. रानडे.
730 _aआम्लपित्त.
942 _cBOOK
999 _c264044
_d264044